| 000 | 00638nam a2200145Ia 4500 | ||
|---|---|---|---|
| 008 | 151213s9999 xx 000 0 und d | ||
| 100 | _aশ্রীশরৎ চন্দ্র চট্টপাদ্যায়। | ||
| 245 |
_aসুলভ শরৎ সমগ্র _cশ্রীশরৎ চন্দ্র চট্টপাদ্যায়। |
||
| 260 |
_aকালকাতা _bআনন্দ পাবলিকেশন্স। _c1989 |
||
| 300 | _a8404 p. | ||
| 650 | _aBangla | ||
| 650 | _aBengali Literature | ||
| 700 | _aশ্রীশরৎ চন্দ্র চট্টপাদ্যায়। | ||
| 999 |
_c4242 _d4242 |
||